Tratamiento de Aguas Negras y desechos residuales / (Record no. 8352)

000 -CABECERA
fixed length control field 01103nam a22002177a 4500
003 - IDENTIFICADOR DEL NÚMERO DE CONTROL
control field AR-CdUCM
008 - DATOS DE LONGITUD FIJA--INFORMACIÓN GENERAL
fixed length control field 190325b ||||| |||| 00| 0 spa d
040 ## - FUENTE DE LA CATALOGACIÓN
Agencia/entidad que catalogó originalmente la obra MUNICIPALIDAD PROVINCIAL DEL CUSCO
Entidad que transcribió la catalogación BIBLIOTECA MUNICIPAL DEL CUSCO
082 ## - NÚMERO DE LA CLASIFICACIÓN DECIMAL DEWEY
No. de Clasificación 628 /
Notacion interna B261
100 ## - ENTRADA PRINCIPAL--NOMBRE DE PERSONA
Nombre Personal Barnes, George E.
245 ## - MENCIÓN DE TÍTULO
Título Tratamiento de Aguas Negras y desechos residuales /
260 ## - PUBLICACIÓN, DISTRIBUCIÓN, ETC.
Lugar de publicación, distribución, etc. México :
Nombre de la editorial, distribuidor, etc. Union Tipografica Editorial Hispano Americana ,
Fecha de publicación, distribución, etc. 1967.
300 ## - DESCRIPCIÓN FÍSICA
Nº de Páginas Extensión 211+11 páginas ;
Dimensiones 17.5 cm.
Material acompañante Figuras.
440 ## - MENCIÓN DE SERIE/PUNTO DE ACCESO ADICIONAL--TÍTULO
Título Manuales Uteha
Número de la parte/sección de una obra 337
9 (RLIN) 23451
505 ## - NOTA DE CONTENIDO CON FORMATO
Nota de contenido formateada Contenido : Material de Fondo -- La Materia Prima para tratar -- Desarrollo y clasificacion de los metodos de tratamiento -- Equipo y maquinaria para el tratamiento previo -- Tratamiento primerio -- Tratamiento secundario y completo -- Subproductos del tratamiento de las agias negras y su acondicionamiento y disposicion -- Tratamiento por medio de lagunas de estabilizacion...
650 ## - PUNTO DE ACCESO ADICIONAL DE MATERIA--TÉRMINO DE MATERIA
Descriptor Ingenieria Ambiental
9 (RLIN) 23452
650 ## - PUNTO DE ACCESO ADICIONAL DE MATERIA--TÉRMINO DE MATERIA
Descriptor Ingenieria Sanitaria
9 (RLIN) 23453
650 ## - PUNTO DE ACCESO ADICIONAL DE MATERIA--TÉRMINO DE MATERIA
Descriptor Saneamiento Industrial
9 (RLIN) 23454
942 ## - ELEMENTOS DE PUNTO DE ACCESO ADICIONAL (KOHA)
Fuente de clasificación
Tipo de item Libros-BMC
945 ## - PROCESAMIENTO DE INFORMACIÓN LOCAL (OCLC)
Catalogador rtm
Holdings
Estado de retiro (separado) Fuente de clasificación o esquema de estanterías Estado dañado Ubicación Sala donde se ubica Nombre de la colección Fecha de adquisición o compra Costo, precio normal en soles Signatura topográfica Código de Barras Última vez visto (Koha) Tipo de ítem (Koha)
No     Sala Ciencias Sala Ciencias Book Cart 2019-03-25 5.00 628 / B261 SC0000001117 2019-03-25 Libros-BMC

Powered by Koha